000 01033cam a2200193 4500
001 ABS63318
008 000000n2000 000 0 eng u
035 _a(Sirsi) u110186
100 _aJacoby, C
245 _aFocus: Africa: Not one country, but more than 50
260 _c2000
490 _aEstates Gazette
_v(0050) 16 December 2000, 62-65(1)
520 _aReports on the wide range of possibilities for property investors, from funds to single projects, in Africa. The main interest is in indirect investment which provides a more secure form of investment; this means that property funds are more prominent at present. There is also scope for investing in single projects. The article provides opinions and recommendations from a variety of companies that have operations in various African countries with warnings as well as encouragement and advice; Africa, however, is still attracting investors.
590 _aABS
650 _aINVESTMENT MARKET
650 _aAFRICA
690 _aINTERNATIONAL-AFRICA
942 _n0
999 _c65709
_d65709